00404naa a2200145 450000500170000001000170001702000260003403500170006003700370007708200060011410000180012024500580013826000400019630000220023620110727141919.0 aB-442891-897 a9781408810606c499.00 aB-442891-897 bBlueberry Books aSpecial Power 14aN1 aRowling, J.K.1 aHarry Potter and the deathly hallowscby J.K. Rowling aLondonbBloomsvury Publishingc2010 a607 pc20 cm (HB)